Sanft gehen wie Tiere die Berge neben dem Fluss /

Bibliographic Details
Main Author: Czechowski, Heinz
Format: Book
Language:German
Published: Bremen : Neue Bremer Presse, [1989]

MARC

Tag First Indicator Second Indicator Subfields
LEADER 00000cam a22000007a 4500
001 in00000974713
005 20150927111416.0
008 900613s1989 gw 00010 ger
010 |a  90165551  
020 |a 392668318X 
035 |a (OCoLC)22113159 
035 |9 AEW1345AM 
040 |a DLC  |c DLC  |d UtOrBLW 
049 |a TXAM 
050 0 0 |a MLCS 90/10225 (P) 
090 |a PT2663.Z4  |b S26 
100 1 |a Czechowski, Heinz. 
245 1 0 |a Sanft gehen wie Tiere die Berge neben dem Fluss /  |c Heinz Czechowski. 
264 1 |a Bremen :  |b Neue Bremer Presse,  |c [1989] 
300 |a 78 pages ;  |c 21 cm. 
336 |a text  |b txt  |2 rdacontent 
337 |a unmediated  |b n  |2 rdamedia 
338 |a volume  |b nc  |2 rdacarrier 
500 |a "Lyrik 2." 
999 |a MARS 
999 f f |s 3ae44fcf-2658-3c70-8fc1-6875b72a9db2  |i 5a17fb4c-4b0d-35a0-8757-40046b5de09d  |t 0 
952 f f |p ric  |a Texas A&M University  |b Rellis Campus  |c Joint Library Facility  |d Remote Storage  |t 0  |e PT2663.Z4 S26  |h Library of Congress classification  |i unmediated -- volume  |m A14810253432 
998 f f |a PT2663.Z4 S26  |t 0  |l Remote Storage